00826 2200277 4500001002100000005001500021035002000036007000300056008004100059020002200100040002200122082001500144084001700159090002200176100003200198245008100230300004800311650002400359850001200383264003500395336002100430337003000451338002300481999002200504990002200526INLIS00000000087780220230405110759 a0010-0423000102ta230405 2022 yoia g ind d a978-623-314-271-7 aYOPDYOGbinderda04223a261.85 a261.85 SUS m aCB-D.11 2022-30100 aSusanto Jayapuraepengarang04aMoney and salvation :buang dan kekayaan menurut Alkitab /cSusanto Jayapura aviii, 147 halaman :bgambar, tabel ;c21 cm 4aKristen dan ekonomi aYOPDYOG31aYogyakarta :bPBMR Andi,c2022 2rdacontentateks 2rdamediaatanpa perantara 2rdacarrieravolume aCB-D.11/2022-3010 aCB-D.11/2022-3010